000 00694nam a22002055i 4500
001 170189
003 ES-MaACL
005 20230906214320.0
008 090210s1899 fr |||| | fre d
080 _a782.1
100 1 _aLocle, Camille du.
_9137929
245 1 0 _aSigurd
_b: opéra en quatre actes et neuf tableaux /
_cpar Camille du Locle et Alfred Blau ; musique de E. Reyer.
250 _aNouvelle ed.
260 _aParis :
_bCalmann Lévy,
_c1899.
300 _a60 p. ;
_c19 cm.
650 1 4 _aÓperas-
_vLibretos.
_9137584
700 1 _aBlau, Alfred.
_9138022
700 1 _aReyer, Ernest.
_9137928
852 _aES-MaACL
_j2247-F-9
_9R.141005
_z.- Biblioteca Jacinto Martínez Lacalle
999 _c170189
_d170189